00620nam a2200169Ia 4500008004100000020001700041082002500058100002800083245005700111250000600168260004000174300001000214440006900224650002900293952011100322999001700433120622s9999 xx 000 0 und d a968-476-46-5 a340.1 B582 v.11 1999 aKelsen, Hans, 1881-1973 aQué es la teoría pura del derecho? / Hans Kelsen a7 aMéxico : Distribuciones Fontamara a53 p. aBiblioteca de ética, filosofía del derecho y política ; 11 a1. TEORIA DEL DERECHOÌ 00104070a22b22d2007-01-25l1o340.1 B582 V.11 1999p01 005068r2014-07-15s2014-07-15w2012-06-24yLB c55910d55910